DarkBasic pro game programming (Record no. 38495)
[ view plain ]
| 000 -LEADER | |
|---|---|
| fixed length control field | 01316nam a22003494a 4500 |
| 082 04 - DEWEY DECIMAL CLASSIFICATION NUMBER | |
| Classification number | 794.8/1526 |
| 100 1# - MAIN ENTRY--AUTHOR NAME | |
| Personal name | Harbour, Jonathan S. |
| 245 10 - TITLE STATEMENT | |
| Title | DarkBasic pro game programming |
| 250 ## - EDITION STATEMENT | |
| Edition statement | 2nd ed. |
| 260 ## - PUBLICATION, DISTRIBUTION, ETC. (IMPRINT) | |
| Place of publication | Boston : |
| Name of publisher | Thomson Course Technology, |
| Year of publication | c2007. |
| 300 ## - PHYSICAL DESCRIPTION | |
| Number of Pages | xxix, 577 p. : |
| Other physical details | ill. |
| 650 #0 - SUBJECT ADDED ENTRY--TOPICAL TERM | |
| Topical Term | BASIC (Computer program language) |
| Topical Term | Computer games |
| Topical Term | Computer graphics. |
| 700 1# - ADDED ENTRY--PERSONAL NAME | |
| Personal name | Smith, Joshua R. |
| 856 40 - ELECTRONIC LOCATION AND ACCESS | |
| Uniform Resource Identifier | http://site.ebrary.com/lib/rucke/Doc?id=10228192 |
No items available.
